000 00221nam a22000857a 4500
008 160706b xxu||||| |||| 00| 0 eng d
100 _92336
_a Akhmetov, N
245 _aGeneral & Inorganic Chemistry
260 _aMosco
_bMir
_c1987
999 _c2013
_d2013